ՀՀ Գիտությունների ազգային ակադեմիայի հիմնարար գիտական գրադարան  =   Fundamental Scientific Library of NAS RA

Theatre. (Record no. 273092)

MARC details
000 -LEADER
fixed length control field 01193cas a2200337 a 4500
001 - CONTROL NUMBER
control field 000738580
003 - CONTROL NUMBER IDENTIFIER
control field AM-YeHGA
005 - DATE AND TIME OF LATEST TRANSACTION
control field 20250617143316.0
008 - FIXED-LENGTH DATA ELEMENTS--GENERAL INFORMATION
fixed length control field 811125d19211939fr x p 0 b0fre
040 ## - CATALOGING SOURCE
Original cataloging agency AM-YeHGA
012 ## -
-- 33-7-0401312291-p-8503
090 ## - LOCALLY ASSIGNED LC-TYPE CALL NUMBER (OCLC); LOCAL CALL NUMBER (RLIN)
-- 274734
130 0# - MAIN ENTRY--UNIFORM TITLE
Uniform title Theatre (Paris, France : 1921)
245 00 - TITLE STATEMENT
Title Theatre.
260 ## - PUBLICATION, DISTRIBUTION, ETC.
Place of publication, distribution, etc. Paris :
Name of publisher, distributor, etc. [s.n.,
Date of publication, distribution, etc. 1921-1939]
Place of manufacture (Paris :
Manufacturer Impr. de l'Illustration)
300 ## - PHYSICAL DESCRIPTION
Extent v. :
Other physical details ill. ;
Dimensions 30 cm.
310 ## - CURRENT PUBLICATION FREQUENCY
Current publication frequency Irregular
362 0# - DATES OF PUBLICATION AND/OR SEQUENTIAL DESIGNATION
Dates of publication and/or sequential designation Nouv. ser., no 39 (26 mars 1921)-no 465 (26 aout 1939).
440 #3 - SERIES STATEMENT/ADDED ENTRY--TITLE
Title La Petite illustration
500 ## - GENERAL NOTE
General note Title from cover.
515 ## - NUMBERING PECULIARITIES NOTE
Numbering peculiarities note Beginning with no. 134 (Jan. 10, 1925) "nouv. ser." omitted in numbering.
580 ## - LINKING ENTRY COMPLEXITY NOTE
Linking entry complexity note No. 375-no. 465 issued as pt. 2 of: Illustration (Paris, France).
650 04 - SUBJECT ADDED ENTRY--TOPICAL TERM
Topical term or geographic name entry element Ամսագիր
650 #0 - SUBJECT ADDED ENTRY--TOPICAL TERM
Topical term or geographic name entry element French drama
Chronological subdivision 20th century
Form subdivision Periodicals.
730 0# - ADDED ENTRY--UNIFORM TITLE
Uniform title Illustration (Paris, France)
760 0# - MAIN SERIES ENTRY
Title Petite illustration
772 0# - SUPPLEMENT PARENT ENTRY
Title Illustration (Paris, France)
Record control number (DLC) 11010735
-- (OCoLC)1681239
780 00 - PRECEDING ENTRY
Title Petite illustration theatrale
Record control number (DLC)sf 85004033
-- (OCoLC)9992815
942 ## - ADDED ENTRY ELEMENTS (KOHA)
Source of classification or shelving scheme Universal Decimal Classification
Koha item type Շարունակական պաշար / Continuing Resource
Holdings
Withdrawn status Lost status Damaged status Not for loan Collection Home library Current library Date acquired Cost, normal purchase price Serial enumeration / chronology Inventory number Total checkouts Full call number Barcode Date last seen Price effective from Koha item type Public note
        General Fundamental Scientific Library Fundamental Scientific Library 29/12/2016 500.00 1903, No. 3123-3174 suppl. ИЖ 2272   ИЖ 2272 739083-10 29/12/2016 29/12/2016 Շարունակական պաշար / Continuing Resource Two weeks Loan
        General Fundamental Scientific Library Fundamental Scientific Library 29/12/2016 500.00 1904, No. 3176--3204 suppl. ИЖ 2272   ИЖ 2272 739083-20 29/12/2016 29/12/2016 Շարունակական պաշար / Continuing Resource Two weeks Loan
        General Fundamental Scientific Library Fundamental Scientific Library 29/12/2016 500.00 1904, No. 3217-3224 suppl. ИЖ 2272   ИЖ 2272 739083-30 29/12/2016 29/12/2016 Շարունակական պաշար / Continuing Resource Two weeks Loan
        General Fundamental Scientific Library Fundamental Scientific Library 29/12/2016 500.00 1905 ИЖ 2272   ИЖ 2272 739083-40 29/12/2016 29/12/2016 Շարունակական պաշար / Continuing Resource Two weeks Loan


ՀՀ ԳԱԱ հիմնարար գիտական գրադարան
ՀՀ,Երևան 0019
Մարշալ Բաղրամյան 24/6
հեռախոս:(374-10) 52-47-50
Հետադարձ կապ

All site content, except where otherwise noted, is licensed under a
Creative Commons License